Statistics for Top 10 NHL goalscorers ever

Click here to take the quiz!

General Stats

  • This quiz has been taken 21 times
  • The average score is 7 of 10

Answer Stats

GoalsAnswer% Correct
894Gretzky
95%
801Howe
95%
765Jagr
95%
694Messier
85%
741Hull
80%
690Lemieux
80%
717Esposito
65%
692Yzerman
55%
731Dionne
50%
708Gartner
30%

Score Distribution

Percentile by Number Answered

Percent of People with Each Score

Your Score History

You have not taken this quiz